Claves y estrategias metateatrales (Record no. 179929)

MARC details
000 -LEADER
campo de control de longitud fija 01060nam a2200277 i 4500
001 - NÚMERO DE CONTROL
campo de control 179929
003 - IDENTIFICADOR DE NÚMERO DE CONTROL
campo de control ES-MaACL
005 - FECHA Y HORA DE LA ÚLTIMA TRANSACCIÓN
campo de control 20250905131225.0
008 - DATOS DE LONGITUD FIJA--INFORMACIÓN GENERAL
campo de control de longitud fija 120301s2011 sp |||| | spa d
020 ## - NÚMERO INTERNACIONAL ESTÁNDAR DEL LIBRO
Número Internacional Estándar del Libro 978-84-934586-7-6
080 ## - NÚMERO DE LA CLASIFICACIÓN DECIMAL UNIVERSAL
Número de la Clasificación Decimal Universal 792.01
080 ## - NÚMERO DE LA CLASIFICACIÓN DECIMAL UNIVERSAL
Número de la Clasificación Decimal Universal 821-2.09
100 1# - ENTRADA PRINCIPAL--NOMBRE DE PERSONA
Nombre de persona Gray, María.
9 (RLIN) 149498
245 10 - MENCIÓN DEL TÍTULO
Título Claves y estrategias metateatrales
Resto del título : una propuesta para el estudio y práctica del metateatro en la contemporaneidad /
Mención de responsabilidad, etc. María Gray ; [prólogo, Ángel Berenguer Castellary].
260 ## - PUBLICACIÓN, DISTRIBUCIÓN, ETC.
Lugar de publicación, distribución, etc. [Madrid] :
Nombre del editor, distribuidor, etc. O Grelo Producciones,
Fecha de publicación, distribución, etc. 2011.
300 ## - DESCRIPCIÓN FÍSICA
Extensión 132 p. ;
Dimensiones 21 cm.
502 ## - NOTA DE TESIS
Nota de tesis Basado en la tesis de la autora.
504 ## - NOTA DE BIBLIOGRAFÍA, ETC.
Nota de bibliografía, etc. Bibliografía: p. 131-132.
650 #7 - PUNTO DE ACCESO ADICIONAL DE MATERIA--TÉRMINO DE MATERIA
Término de materia o nombre geográfico como elemento de entrada Teatro-
Subdivisión general Filosofía.
9 (RLIN) 149499
650 #7 - PUNTO DE ACCESO ADICIONAL DE MATERIA--TÉRMINO DE MATERIA
Término de materia o nombre geográfico como elemento de entrada Teatro (Género literario)-
Subdivisión general Historia y crítica.
9 (RLIN) 17365
700 1# - ENTRADA AGREGADA--NOMBRE PERSONAL
Nombre de persona Berenguer, Ángel,
Fechas asociadas al nombre 1943-
9 (RLIN) 27879
852 ## - LOCALIZACIÓN
Ubicación ES-MaACL
Número de control de estantería A-11999
itemnumber 186833
Sublocalización o colección R.146909
Ubicación en estantería Depósito 1
Signatura antigua Olim: N-5004
Encuadernación Donación: María Gray
903 ## - NOMBRE PERSONAL DE DONANTE
9 149498
a Gray, María
e Donante
942 ## - ELEMENTOS DE ENTRADA SECUNDARIOS (KOHA)
Fuente del sistema de clasificación o colocación Clasificación decimal universal
Tipo de ítem Koha Libro impreso
Holdings
Estatus retirado Estado de pérdida Fuente del sistema de clasificación o colocación Estado de daño No para préstamo Biblioteca de origen Biblioteca actual Ubicación en estantería Fecha de adquisición Fuente de adquisición Total de préstamos Signatura topográfica completa Código de barras Visto por última vez Precio de reemplazo Tipo de ítem Koha
    Clasificación decimal universal     Biblioteca del Ateneo de Madrid Biblioteca del Ateneo de Madrid Depósito 1 01/03/2012 Donación   A-11999 1189024 23/02/2023 23/02/2023 Libro impreso